[Event "Purtichju op 10th"]
[Site "Porticcio"]
[Date "2025.07.01"]
[Round "5"]
[White "Aarav, Dengla"]
[Black "Qalichava, Akaki"]
[Result "1-0"]
[WhiteElo "2480"]
[BlackElo "2223"]
[PlyCount "59"]
[EventDate "2025.06.28"]
[EventType "swiss"]
[EventRounds "9"]
[EventCountry "FRA"]
[SourceTitle "CB29_2025"]
[SourceDate "2025.07.16"]
[SourceVersion "1"]
[SourceVersionDate "2025.07.16"]
[SourceQuality "1"]

1. e4 e5 2. Nf3 Nc6 3. Bc4 Nf6 4. d3 Be7 5. 0-0 0-0 6. Nc3 d6 7. a3 Na5 8. Ba2 c5 9. b4 Nc6 10. Rb1 b6 11. Nd5 Be6 12. Ng5 Bxd5 13. exd5 Nb8 14. Kh1 Nbd7 15. f4 cxb4 16. axb4 a5 17. b5 Rc8 18. Nf3 Qc7 19. c4 Rfe8 20. Ba3 Bf8 21. Qd2 Nc5 22. Bxc5 Qxc5 23. fxe5 dxe5 24. Nxe5 Ne4 25. Qf4 Nc3 26. Qxf7+ Kh8 27. Rbe1 Qe7 28. d6 Qxf7 29. Nxf7+ Kg8 30. d7 1-0

[Event "Purtichju op 10th"]
[Site "Porticcio"]
[Date "2025.07.01"]
[Round "6"]
[White "Duboue, Peio"]
[Black "Aarav, Dengla"]
[Result "1/2-1/2"]
[WhiteElo "2452"]
[BlackElo "2480"]
[PlyCount "106"]
[EventDate "2025.06.28"]
[EventType "swiss"]
[EventRounds "9"]
[EventCountry "FRA"]
[SourceTitle "CB29_2025"]
[SourceDate "2025.07.16"]
[SourceVersion "1"]
[SourceVersionDate "2025.07.16"]
[SourceQuality "1"]

1. e4 c5 2. c3 d5 3. exd5 Qxd5 4. d4 e6 5. Nf3 a6 6. Bd3 Nf6 7. 0-0 Be7 8. Be3 Nbd7 9. a4 b6 10. c4 Qc6 11. a5 Bb7 12. Re1 cxd4 13. Bxd4 Bb4 14. Nbd2 bxa5 15. Re2 Nc5 16. Bxc5 Qxc5 17. Nb3 Qh5 18. Nxa5 Bxf3 19. Qa4+ Kd8 20. gxf3 Qxa5 21. Qxa5+ Bxa5 22. Rxa5 Kc7 23. b4 Rhd8 24. Be4 Rd1+ 25. Kg2 Nxe4 26. Rxe4 Rb8 27. c5 Kb7 28. Re2 Kc7 29. Re4 Kb7 30. Re3 Kc7 31. Rxa6 Rxb4 32. c6 Rbb1 33. f4 Rg1+ 34. Kf3 Rb6 35. Ra7+ Kxc6 36. Rxf7 Rg6 37. Rc3+ Kd6 38. Rcc7 Rb3+ 39. Ke2 Kd5 40. Rfd7+ Ke4 41. Rc4+ Kf5 42. Rf7+ Rf6 43. Rxg7 Rh6 44. Rf7+ Kg6 45. Re7 Rb6 46. h4 Rxh4 47. f5+ Kf6 48. Rxh4 Kxe7 49. Rxh7+ Kf6 50. fxe6 Rb2+ 51. Kf3 Kxe6 52. Kg3 Rb4 53. Rh6+ Kf5 1/2-1/2

[Event "Zupanja 70 GM1"]
[Site "Zupanja"]
[Date "2025.06.05"]
[Round "3"]
[White "Aarav, Dengla"]
[Black "Krzyzanowski, Marcin"]
[Result "1/2-1/2"]
[WhiteElo "2366"]
[BlackElo "2498"]
[PlyCount "38"]
[EventDate "2025.06.03"]
[EventType "tourn"]
[EventRounds "9"]
[EventCountry "CRO"]
[EventCategory "6"]
[SourceTitle "CB27_2025"]
[SourceDate "2025.07.02"]
[SourceVersion "1"]
[SourceVersionDate "2025.07.02"]
[SourceQuality "1"]

1. e4 e5 2. Nf3 Nc6 3. Nc3 Nf6 4. d4 exd4 5. Nxd4 Bc5 6. Be3 Bxd4 7. Bxd4 0-0 8. Be2 Re8 9. Bxf6 Qxf6 10. 0-0 d6 11. Nd5 Qd8 12. Nc3 f5 13. exf5 Bxf5 14. Bg4 Bg6 15. f4 Bf7 16. Bf3 Ne7 17. Ne4 h6 18. Ng3 c6 19. f5 Nd5 1/2-1/2

[Event "Titled Tuesday intern op 04th Feb Late"]
[Site "Chess.com INT"]
[Date "2025.02.04"]
[Round "6"]
[White "Aarav, Dengla"]
[Black "Boyer, Mahel"]
[Result "1-0"]
[WhiteElo "2366"]
[BlackElo "2509"]
[PlyCount "103"]
[EventDate "2025.02.04"]
[EventType "swiss (blitz)"]
[EventRounds "11"]
[EventCountry "USA"]
[SourceTitle "CB07_2025"]
[SourceDate "2025.02.12"]
[SourceVersion "1"]
[SourceVersionDate "2025.02.12"]
[SourceQuality "1"]

1. e4 Nc6 2. d4 d5 3. exd5 Qxd5 4. Be3 Nf6 5. h3 e5 6. Nf3 exd4 7. Nxd4 Bc5 8. Nc3 Qe5 9. Nxc6 bxc6 10. Qe2 0-0 11. 0-0-0 Re8 12. Bxc5 Qxc5 13. Qc4 Qxf2 14. Qxc6 Bf5 15. Bd3 Rab8 16. Rhf1 Qe3+ 17. Kb1 Bg6 18. Nd5 Nxd5 19. Qxd5 Re6 20. Qf3 Qe5 21. b3 Rf6 22. Qe2 Qxe2 23. Bxe2 Rxf1 24. Bxf1 h5 25. Rd7 Re8 26. Bd3 Re1+ 27. Kb2 Bxd3 28. cxd3 Re2+ 29. Kc3 Rxg2 30. a4 g5 31. Rxc7 a5 32. Rc5 h4 33. Rxa5 Kg7 34. Rc5 Kg6 35. a5 g4 36. hxg4 Rxg4 37. a6 Rg1 38. Ra5 Rc1+ 39. Kd2 Rc8 40. a7 Ra8 41. Ke2 f5 42. Kf3 Kg5 43. b4 h3 44. b5 h2 45. Kg2 Kf4 46. b6 Ke3 47. b7 Rg8+ 48. Kh1 Kf2 49. Ra2+ Kf3 50. a8Q Rg1+ 51. Kxh2 f4 52. b8Q+ 1-0

[Event "Titled Tuesday intern op 04th Feb Late"]
[Site "Chess.com INT"]
[Date "2025.02.04"]
[Round "3"]
[White "Aarav, Dengla"]
[Black "Cieslak, Patryk"]
[Result "1-0"]
[WhiteElo "2366"]
[BlackElo "2408"]
[PlyCount "85"]
[EventDate "2025.02.04"]
[EventType "swiss (blitz)"]
[EventRounds "11"]
[EventCountry "USA"]
[SourceTitle "CB07_2025"]
[SourceDate "2025.02.12"]
[SourceVersion "1"]
[SourceVersionDate "2025.02.12"]
[SourceQuality "1"]

1. e4 d6 2. d4 Nf6 3. Nc3 e5 4. Nf3 Nbd7 5. Bc4 Be7 6. 0-0 0-0 7. Bb3 c6 8. a4 h6 9. h3 Re8 10. Be3 Bf8 11. Qd2 exd4 12. Qxd4 Nc5 13. e5 Nxb3 14. cxb3 dxe5 15. Qxd8 Rxd8 16. Nxe5 Be6 17. Nc4 Bb4 18. Na2 Be7 19. Rfd1 Bf5 20. Na5 Nd5 21. Nxb7 Rdb8 22. Na5 Nxe3 23. fxe3 Be4 24. Rac1 c5 25. Nc3 Bf5 26. Nd5 Bf8 27. Nc7 Be6 28. Nxa8 Rxa8 29. Nb7 Rc8 30. b4 cxb4 31. Rxc8 Bxc8 32. Na5 a6 33. Rd8 Be6 34. Nc6 g5 35. Rb8 b3 36. Nd4 Bd7 37. a5 Kg7 38. Rb7 Ba4 39. Ne6+ Kg8 40. Nxf8 Kxf8 41. Rb6 Bb5 42. Rxb5 axb5 43. a6 1-0

[Event "Titled Tuesday intern op 04th Feb Late"]
[Site "Chess.com INT"]
[Date "2025.02.04"]
[Round "5"]
[White "Ilinca Ilinca, Felix Antonio"]
[Black "Aarav, Dengla"]
[Result "1-0"]
[WhiteElo "2412"]
[BlackElo "2366"]
[PlyCount "119"]
[EventDate "2025.02.04"]
[EventType "swiss (blitz)"]
[EventRounds "11"]
[EventCountry "USA"]
[SourceTitle "CB07_2025"]
[SourceDate "2025.02.12"]
[SourceVersion "1"]
[SourceVersionDate "2025.02.12"]
[SourceQuality "1"]

1. d4 d5 2. Nc3 Nf6 3. Bf4 a6 4. e3 e6 5. g4 Bd6 6. Qf3 Nc6 7. g5 Bxf4 8. exf4 Ne4 9. 0-0-0 Nd6 10. h4 Nf5 11. Nge2 h6 12. Kb1 Bd7 13. Bg2 Qe7 14. Qd3 0-0-0 15. Rde1 Qb4 16. a3 Qa5 17. h5 Na7 18. Nc1 Nb5 19. Nxb5 Bxb5 20. Qd1 Qb6 21. Nb3 Qd6 22. Qd2 Bc4 23. Nc1 Qb6 24. Rd1 Nd6 25. b3 Bb5 26. Qb4 Nf5 27. a4 Bc6 28. Qxb6 cxb6 29. c3 Kd7 30. Nd3 f6 31. g6 Kd6 32. Kb2 Rhe8 33. Rde1 Ne7 34. Bh3 Bd7 35. Re3 Nf5 36. Re2 Ne7 37. Rhe1 Nf5 38. Kc2 Rc8 39. Kd2 Red8 40. Bxf5 exf5 41. Re7 Rg8 42. Rf7 Rb8 43. Ree7 Be6 44. Rxg7 Rxg7 45. Rxg7 Bg8 46. b4 Ke6 47. a5 bxa5 48. Nc5+ Kd6 49. Nxb7+ Ke6 50. bxa5 Rc8 51. Nc5+ Kd6 52. Ra7 Rb8 53. Rxa6+ Ke7 54. Rb6 Ra8 55. a6 Kd8 56. a7 Rxa7 57. Rb8+ Ke7 58. Rxg8 Ra2+ 59. Ke3 Rxf2 60. Kxf2 1-0

[Event "Titled Tuesday intern op 04th Feb Late"]
[Site "Chess.com INT"]
[Date "2025.02.04"]
[Round "10"]
[White "Rosen, Eric S"]
[Black "Aarav, Dengla"]
[Result "1-0"]
[WhiteElo "2377"]
[BlackElo "2366"]
[PlyCount "99"]
[EventDate "2025.02.04"]
[EventType "swiss (blitz)"]
[EventRounds "11"]
[EventCountry "USA"]
[SourceTitle "CB07_2025"]
[SourceDate "2025.02.12"]
[SourceVersion "1"]
[SourceVersionDate "2025.02.12"]
[SourceQuality "1"]

1. d4 d5 2. Bf4 e6 3. e3 Bd6 4. Bxd6 Qxd6 5. Qg4 Kf8 6. Nc3 Nf6 7. Qh4 h6 8. 0-0-0 g5 9. Qg3 Qxg3 10. hxg3 Kg7 11. Bd3 Nbd7 12. f4 c5 13. Nf3 g4 14. Ne5 h5 15. Rh4 c4 16. Be2 a6 17. Rdh1 Rh7 18. Nxd7 Bxd7 19. e4 dxe4 20. Bxc4 Rc8 21. Bb3 Bc6 22. Nd1 e3 23. Nxe3 Be4 24. c3 b5 25. Bc2 b4 26. c4 Rd8 27. Rd1 Bxc2 28. Nxc2 a5 29. Re1 Nd7 30. b3 Nb8 31. Re5 Nc6 32. Rg5+ Kf6 33. d5 exd5 34. cxd5 Ne7 35. Ne3 Rc8+ 36. Kd2 Rd8 37. Nxg4+ hxg4 38. Rxh7 Nxd5 39. Rh6+ Ke7 40. Ke1 f6 41. Rg7+ Ke6 42. Ra7 Nc3 43. Rxa5 Rd1+ 44. Kf2 Rd2+ 45. Ke3 Re2+ 46. Kd3 Rxg2 47. f5+ Ke7 48. Ra6 Rxg3+ 49. Kc4 Rh3 50. Rg6 1-0

[Event "Charlotte Fall GM"]
[Site "Charlotte"]
[Date "2024.11.25"]
[Round "6"]
[White "Aarav, Dengla"]
[Black "Bruzon Batista, Lazaro"]
[Result "0-1"]
[WhiteElo "2390"]
[BlackElo "2578"]
[PlyCount "116"]
[EventDate "2024.11.22"]
[EventType "tourn"]
[EventRounds "9"]
[EventCountry "USA"]
[EventCategory "8"]
[SourceTitle "CB49_2024"]
[SourceDate "2024.12.04"]
[SourceVersion "1"]
[SourceVersionDate "2024.12.04"]
[SourceQuality "1"]

1. e4 c6 2. d4 d5 3. exd5 cxd5 4. Bd3 Nc6 5. c3 e6 6. Bf4 Bd6 7. Bxd6 Qxd6 8. Qg4 Kf8 9. Qg3 Qxg3 10. hxg3 Nge7 11. Na3 f6 12. 0-0-0 g6 13. f4 Kg7 14. Nf3 a6 15. g4 e5 16. fxe5 fxe5 17. dxe5 Bxg4 18. Rde1 Bxf3 19. gxf3 Rhf8 20. Rh3 Rf4 21. Nc2 Raf8 22. Re3 h5 23. Ne1 d4 24. Re2 dxc3 25. bxc3 Kh6 26. Be4 Nxe5 27. Bxb7 N7c6 28. Kc2 R8f6 29. Bxc6 Nxc6 30. Nd3 Rxf3 31. Rxf3 Rxf3 32. Re6 Nd8 33. Rxa6 Nf7 34. Kd2 h4 35. Ke2 Rg3 36. Rf6 Ng5 37. Rf4 h3 38. a4 Kg7 39. Nf2 Rxc3 40. Rh4 Ra3 41. Nd3 Ra1 42. Kf2 h2 43. Kg2 Rg1+ 44. Kxh2 Nf3+ 45. Kh3 Rh1+ 46. Kg2 Rxh4 47. Kxf3 Rxa4 48. Nf4 Kf6 49. Nd5+ Ke5 50. Ne3 Ra3 51. Kf2 Ke4 52. Ng2 g5 53. Ne1 Kf4 54. Ng2+ Kg4 55. Ne3+ Rxe3 56. Kxe3 Kg3 57. Ke2 g4 58. Kf1 Kh2 0-1

[Event "Titled Tuesday intern op 03rd Sep Late"]
[Site "Chess.com INT"]
[Date "2024.09.03"]
[Round "3"]
[White "Aarav, Dengla"]
[Black "Saha, Ananda"]
[Result "1-0"]
[WhiteElo "2390"]
[BlackElo "2038"]
[PlyCount "57"]
[EventDate "2024.09.03"]
[EventType "swiss (blitz)"]
[EventRounds "11"]
[EventCountry "USA"]
[SourceTitle "EXT 2025"]
[Source "ChessBase"]
[SourceDate "2024.10.14"]
[SourceVersion "1"]
[SourceVersionDate "2024.10.14"]
[SourceQuality "1"]

1. e4 e5 2. Nf3 Nc6 3. Bc4 Bc5 4. c3 Nf6 5. d4 exd4 6. e5 Ne4 7. Qe2 d5 8. exd6 f5 9. Ng5 d3 10. Bxd3 0-0 11. Bc4+ Kh8 12. Nxe4 fxe4 13. Be3 Bxd6 14. Nd2 Bf5 15. Bd5 Qe8 16. g4 Bg6 17. 0-0-0 a5 18. h4 a4 19. a3 Qe7 20. Bg5 Qe5 21. Nc4 Qe8 22. Rhe1 Bf4+ 23. Bxf4 Rxf4 24. h5 Bf7 25. Bxe4 Bxc4 26. Qxc4 Ne5 27. Qxc7 Nxg4 28. Qxf4 Nf6 29. Bxb7 1-0

[Event "Titled Tuesday intern op 03rd Sep Late"]
[Site "Chess.com INT"]
[Date "2024.09.03"]
[Round "6"]
[White "Jimenez Salas, Maria Teresa"]
[Black "Aarav, Dengla"]
[Result "1-0"]
[WhiteElo "1995"]
[BlackElo "2390"]
[PlyCount "117"]
[EventDate "2024.09.03"]
[EventType "swiss (blitz)"]
[EventRounds "11"]
[EventCountry "USA"]
[SourceTitle "EXT 2025"]
[Source "ChessBase"]
[SourceDate "2024.10.14"]
[SourceVersion "1"]
[SourceVersionDate "2024.10.14"]
[SourceQuality "1"]

1. e4 c5 2. Nf3 d6 3. d4 cxd4 4. Nxd4 Nf6 5. f3 e5 6. Nb3 Be7 7. c4 0-0 8. Nc3 Be6 9. Be3 Nbd7 10. Be2 a6 11. 0-0 Rc8 12. Nd5 Ne8 13. Qd2 g6 14. Rfd1 Bxd5 15. cxd5 f5 16. Rac1 Rxc1 17. Rxc1 Nef6 18. exf5 gxf5 19. Na5 Qb8 20. Qb4 Rc8 21. Rxc8+ Qxc8 22. Qxb7 Qc2 23. Bxa6 f4 24. Bf2 e4 25. Qc8+ Qxc8 26. Bxc8 e3 27. Bh4 Nc5 28. Be6+ Kf8 29. Nc6 Nxd5 30. Bxe7+ Nxe7 31. Nxe7 Kxe7 32. Bc4 Kf6 33. b4 Na4 34. Bb3 Nc3 35. a4 Ke7 36. b5 Kd7 37. Kf1 Kc7 38. g3 fxg3 39. hxg3 d5 40. f4 Kd6 41. f5 Ne4 42. Ke1 Nxg3 43. f6 Ne4 44. f7 Ke7 45. b6 Nc5 46. Bxd5 Nd3+ 47. Kf1 Nc5 48. b7 Na6 49. Ke2 Kf8 50. Kxe3 Nb8 51. a5 Ke7 52. Kf4 Kf8 53. Kg5 Na6 54. Kh6 Nb8 55. Kxh7 Na6 56. Kg6 Nb8 57. Kf5 Na6 58. Ke4 Nb8 59. Kd4 1-0

[Event "Titled Tuesday intern op 03rd Sep Late"]
[Site "Chess.com INT"]
[Date "2024.09.03"]
[Round "2"]
[White "Kurchenko, Egor"]
[Black "Aarav, Dengla"]
[Result "1-0"]
[WhiteElo "2255"]
[BlackElo "2390"]
[PlyCount "77"]
[EventDate "2024.09.03"]
[EventType "swiss (blitz)"]
[EventRounds "11"]
[EventCountry "USA"]
[SourceTitle "EXT 2025"]
[Source "ChessBase"]
[SourceDate "2024.10.14"]
[SourceVersion "1"]
[SourceVersionDate "2024.10.14"]
[SourceQuality "1"]

1. e4 c5 2. Nf3 d6 3. d4 cxd4 4. Nxd4 Nf6 5. Nc3 a6 6. Nb3 e6 7. g4 h6 8. h4 b5 9. Bg2 Bb7 10. g5 hxg5 11. hxg5 Rxh1+ 12. Bxh1 Nfd7 13. f4 Nc6 14. Be3 Qc7 15. Qe2 g6 16. f5 Nce5 17. a3 Nc4 18. 0-0-0 Rc8 19. fxe6 fxe6 20. Bd4 e5 21. Nd5 Bxd5 22. exd5 Be7 23. Qe4 Kf7 24. Rg1 Kg7 25. Bf3 a5 26. Be2 Qd8 27. Bd3 Nf8 28. Be3 a4 29. Nd2 Na5 30. Nf3 Qc7 31. Nh4 Nc4 32. Nxg6 Nxe3 33. Nxe7 Nxc2 34. Bxc2 Qxe7 35. Rh1 Rc4 36. Rh7+ Nxh7 37. Qxh7+ Kf8 38. Qh8+ Kf7 39. g6# 1-0

[Event "Titled Tuesday intern op 27th Aug Early"]
[Site "Chess.com INT"]
[Date "2024.08.27"]
[Round "1"]
[White "Aarav, Dengla"]
[Black "Golubovskis, Maksims"]
[Result "0-1"]
[WhiteElo "2390"]
[BlackElo "2176"]
[PlyCount "70"]
[EventDate "2024.08.27"]
[EventType "swiss (blitz)"]
[EventRounds "11"]
[EventCountry "USA"]
[SourceTitle "EXT 2025"]
[Source "ChessBase"]
[SourceDate "2024.10.14"]
[SourceVersion "1"]
[SourceVersionDate "2024.10.14"]
[SourceQuality "1"]

1. e4 c5 2. Nf3 d6 3. d4 cxd4 4. Nxd4 Nf6 5. Nc3 a6 6. Rg1 b5 7. g4 Bb7 8. Bg2 h6 9. h4 e5 10. Nb3 g6 11. Be3 Nbd7 12. g5 hxg5 13. hxg5 Nh5 14. Nd5 Rc8 15. c3 Nc5 16. Bf3 Bg7 17. Bg4 Ne6 18. Rh1 Bxd5 19. exd5 Nef4 20. Bxc8 Ng2+ 21. Kf1 Nxe3+ 22. fxe3 Ng3+ 23. Kg2 Rxh1 24. Qg4 Rxa1 25. Nxa1 Ne4 26. Bxa6 Nxg5 27. Bxb5+ Kf8 28. a4 f5 29. Qh4 Bf6 30. Qh6+ Kf7 31. Nc2 Ne4 32. Nb4 Bg7 33. Nc6 Qf6 34. Qh2 Qg5+ 35. Kf3 Qg4# 0-1

[Event "Titled Tuesday intern op 27th Aug Early"]
[Site "Chess.com INT"]
[Date "2024.08.27"]
[Round "9"]
[White "Pichot, Alan"]
[Black "Aarav, Dengla"]
[Result "1-0"]
[WhiteElo "2638"]
[BlackElo "2390"]
[PlyCount "113"]
[EventDate "2024.08.27"]
[EventType "swiss (blitz)"]
[EventRounds "11"]
[EventCountry "USA"]
[SourceTitle "EXT 2025"]
[Source "ChessBase"]
[SourceDate "2024.10.14"]
[SourceVersion "1"]
[SourceVersionDate "2024.10.14"]
[SourceQuality "1"]

1. e4 c5 2. Nf3 d6 3. d4 cxd4 4. Nxd4 Nf6 5. Nc3 a6 6. Be3 e5 7. Nb3 Be7 8. f3 Be6 9. Qd2 h5 10. Nd5 Nxd5 11. exd5 Bf5 12. Bd3 Bxd3 13. Qxd3 Nd7 14. 0-0 Bg5 15. Rae1 0-0 16. f4 exf4 17. Bxf4 Bxf4 18. Rxf4 Ne5 19. Qg3 Rc8 20. c3 a5 21. Nd4 Re8 22. h3 Qb6 23. Re2 Ng6 24. Rff2 a4 25. a3 Re5 26. Qf3 Rc7 27. Kh1 Nh4 28. Qg3 Ng6 29. Qf3 Nh4 30. Qg3 Ng6 31. Nf3 Rxe2 32. Rxe2 Re7 33. Rxe7 Nxe7 34. Qg5 Ng6 35. Qd2 Qc5 36. Qd1 Nf4 37. Qxa4 Ng6 38. Qe8+ Nf8 39. Qe4 Qf2 40. Qb4 Ng6 41. b3 Qg3 42. Qxb7 Nf4 43. Qc8+ Kh7 44. Qf5+ Kg8 45. Qc8+ Kh7 46. Qf5+ Kh6 47. Qc2 Nxh3 48. Qd2+ g5 49. c4 h4 50. c5 Nf4 51. cxd6 h3 52. Ne1 hxg2+ 53. Nxg2 Nh3 54. d7 Nf2+ 55. Qxf2 Qxf2 56. d8Q g4 57. Qh4+ 1-0

[Event "Abu Dhabi Masters Online"]
[Site "Chess.com INT"]
[Date "2024.08.21"]
[Round "1"]
[White "Eggleston, Thomas"]
[Black "Aarav, Dengla"]
[Result "0-1"]
[WhiteElo "2188"]
[BlackElo "2390"]
[PlyCount "70"]
[EventDate "2024.08.21"]
[EventType "swiss (blitz)"]
[EventRounds "11"]
[EventCountry "UAE"]
[SourceTitle "CBM 221 Extra"]
[Source "ChessBase"]
[SourceDate "2024.09.30"]
[SourceVersion "1"]
[SourceVersionDate "2024.09.30"]
[SourceQuality "1"]

1. d4 d5 2. Nf3 e6 3. c4 Nf6 4. g3 Be7 5. Bg2 0-0 6. 0-0 dxc4 7. Qc2 a6 8. Qxc4 b5 9. Qc2 Bb7 10. Bd2 Nbd7 11. Ba5 Nb6 12. Bxb6 cxb6 13. e3 Rc8 14. Qe2 Qd5 15. a3 Qb3 16. Nc3 Rc7 17. Rab1 Rfc8 18. Nd2 Qc2 19. e4 Rxc3 20. bxc3 Rxc3 21. e5 Nd5 22. Rfe1 Bxa3 23. Ne4 Qxe2 24. Rxe2 Rc7 25. h4 b4 26. Ree1 a5 27. Nd6 Ba6 28. Bxd5 exd5 29. e6 fxe6 30. Rxe6 h6 31. Re8+ Kh7 32. Rf8 Bd3 33. Rd1 Rc1 34. Rxc1 Bxc1 35. Rf7 b3 0-1

[Event "Titled Tuesday intern op 20th Aug Late"]
[Site "Chess.com INT"]
[Date "2024.08.20"]
[Round "4"]
[White "Aarav, Dengla"]
[Black "Cevizci, Yusuf Baran"]
[Result "0-1"]
[WhiteElo "2390"]
[BlackElo "2102"]
[PlyCount "36"]
[EventDate "2024.08.20"]
[EventType "swiss (blitz)"]
[EventRounds "11"]
[EventCountry "USA"]
[SourceTitle "EXT 2025"]
[Source "ChessBase"]
[SourceDate "2024.10.14"]
[SourceVersion "1"]
[SourceVersionDate "2024.10.14"]
[SourceQuality "1"]

1. e4 e6 2. d4 d5 3. Nd2 Be7 4. Ngf3 Nf6 5. Bd3 c5 6. exd5 Qxd5 7. dxc5 0-0 8. h3 Bxc5 9. 0-0 Nc6 10. Nb3 Bb6 11. c4 Qh5 12. Bg5 e5 13. Qc2 Nb4 14. Qc3 Nxd3 15. Qxd3 e4 16. Qd6 exf3 17. Bxf6 fxg2 18. Kxg2 Bxh3+ 0-1

[Event "Titled Tuesday intern op 20th Aug Late"]
[Site "Chess.com INT"]
[Date "2024.08.20"]
[Round "6"]
[White "Aarav, Dengla"]
[Black "Gutkin, Ilya"]
[Result "1-0"]
[WhiteElo "2390"]
[BlackElo "2285"]
[PlyCount "25"]
[EventDate "2024.08.20"]
[EventType "swiss (blitz)"]
[EventRounds "11"]
[EventCountry "USA"]
[SourceTitle "EXT 2025"]
[Source "ChessBase"]
[SourceDate "2024.10.14"]
[SourceVersion "1"]
[SourceVersionDate "2024.10.14"]
[SourceQuality "1"]

1. e4 e5 2. Nf3 Nc6 3. Bb5 Nf6 4. d3 Bc5 5. c3 d6 6. 0-0 h6 7. d4 exd4 8. cxd4 Bb4 9. a3 Ba5 10. b4 Bb6 11. d5 Bd7 12. dxc6 bxc6 13. Bd3 1-0

[Event "Titled Tuesday intern op 20th Aug Late"]
[Site "Chess.com INT"]
[Date "2024.08.20"]
[Round "2"]
[White "Aarav, Dengla"]
[Black "Kozlov, Denis1"]
[Result "1-0"]
[WhiteElo "2390"]
[BlackElo "2099"]
[PlyCount "145"]
[EventDate "2024.08.20"]
[EventType "swiss (blitz)"]
[EventRounds "11"]
[EventCountry "USA"]
[SourceTitle "EXT 2025"]
[Source "ChessBase"]
[SourceDate "2024.10.14"]
[SourceVersion "1"]
[SourceVersionDate "2024.10.14"]
[SourceQuality "1"]

1. e4 c6 2. d4 d5 3. exd5 cxd5 4. Bd3 Nc6 5. c3 Nf6 6. h3 g6 7. Qc2 e5 8. dxe5 Nxe5 9. Be2 Bf5 10. Qa4+ Bd7 11. Qd1 Bg7 12. Nf3 Nxf3+ 13. Bxf3 Bb5 14. a4 Ba6 15. Be2 Qe7 16. Be3 Bxe2 17. Qxe2 0-0 18. 0-0 Bh6 19. Re1 Rfe8 20. Nd2 Bxe3 21. fxe3 Ne4 22. Nb3 Ng3 23. Qf3 Nf5 24. Qxd5 Nxe3 25. Qf3 Qg5 26. Re2 Nf5 27. Rae1 Rxe2 28. Rxe2 Rd8 29. Kh2 b6 30. Rf2 h5 31. Nd4 Nd6 32. Re2 h4 33. Qf2 Re8 34. Rxe8+ Nxe8 35. Nc6 Nf6 36. Qf3 Nh5 37. Qe4 Qg3+ 38. Kh1 Nf4 39. Nd4 Qf2 40. Qa8+ Kg7 41. Qf3 Qe1+ 42. Kh2 Nh5 43. Qe2 Qg3+ 44. Kh1 Nf4 45. Qe5+ Kg8 46. Qe8+ Kg7 47. Qe4 Nh5 48. Qe2 Nf4 49. Qf1 Nd3 50. Qf3 Nf2+ 51. Kg1 Nxh3+ 52. Kf1 Qxf3+ 53. Nxf3 Nf4 54. Nxh4 f5 55. Nf3 Kf6 56. Nd4 Nd3 57. b3 g5 58. Ke2 Ne5 59. Nb5 a6 60. Nc7 a5 61. Nd5+ Ke6 62. Nxb6 f4 63. b4 axb4 64. cxb4 g4 65. a5 Nc6 66. a6 Na7 67. Na4 Kd6 68. Nc3 Kc6 69. b5+ Kb6 70. Kd3 f3 71. g3 f2 72. Ke2 Kc5 73. Kxf2 1-0

[Event "Titled Tuesday intern op 20th Aug Early"]
[Site "Chess.com INT"]
[Date "2024.08.20"]
[Round "3"]
[White "Aarav, Dengla"]
[Black "Zhukova, Natalia"]
[Result "1-0"]
[WhiteElo "2390"]
[BlackElo "2302"]
[PlyCount "63"]
[EventDate "2024.08.20"]
[EventType "swiss (blitz)"]
[EventRounds "11"]
[EventCountry "USA"]
[SourceTitle "EXT 2025"]
[Source "ChessBase"]
[SourceDate "2024.10.14"]
[SourceVersion "1"]
[SourceVersionDate "2024.10.14"]
[SourceQuality "1"]

1. e4 e6 2. d4 d5 3. Nd2 c5 4. Ngf3 Nc6 5. dxc5 Bxc5 6. Nb3 Bb6 7. exd5 exd5 8. Bd3 Nf6 9. 0-0 0-0 10. Bg5 h6 11. Bh4 Bg4 12. Be2 Re8 13. h3 Be6 14. c3 g5 15. Bg3 Ne4 16. Bh2 Qd7 17. Nfd4 f5 18. Qd3 Rad8 19. Rae1 f4 20. Bf3 Ne5 21. Qd1 Nxf3+ 22. Qxf3 Bf7 23. g4 Bxd4 24. cxd4 Rc8 25. Qd3 Kg7 26. Nc5 Qc6 27. Rc1 Bg6 28. Qa3 Qb6 29. Nd7 Qb5 30. Rxc8 Rxc8 31. Qe7+ Kg8 32. Ne5 1-0

[Event "Titled Tuesday intern op 20th Aug Early"]
[Site "Chess.com INT"]
[Date "2024.08.20"]
[Round "10"]
[White "Kamsky, Gata"]
[Black "Aarav, Dengla"]
[Result "1/2-1/2"]
[WhiteElo "2609"]
[BlackElo "2390"]
[PlyCount "140"]
[EventDate "2024.08.20"]
[EventType "swiss (blitz)"]
[EventRounds "11"]
[EventCountry "USA"]
[SourceTitle "EXT 2025"]
[Source "ChessBase"]
[SourceDate "2024.10.14"]
[SourceVersion "1"]
[SourceVersionDate "2024.10.14"]
[SourceQuality "1"]

1. d4 d5 2. Bf4 Nf6 3. e3 c5 4. c3 e6 5. Nd2 Bd6 6. Bb5+ Nc6 7. Bg3 0-0 8. Ngf3 Qe7 9. Bxc6 bxc6 10. Qa4 Bxg3 11. hxg3 cxd4 12. cxd4 Rb8 13. b3 Rb6 14. Qa5 Ba6 15. Rc1 Bb7 16. Qc3 Rc8 17. Ne5 Qa3 18. Rc2 Ba6 19. Qc5 Qxc5 20. Rxc5 Kf8 21. f3 Ke7 22. Kf2 Nd7 23. Nxd7 Kxd7 24. Rxh7 Rg8 25. Ra5 Kd6 26. Rh1 Rgb8 27. g4 Re8 28. f4 Re7 29. Rh8 Rd7 30. g5 Bd3 31. Nf3 f6 32. gxf6 gxf6 33. g4 Rg7 34. g5 fxg5 35. Ne5 Be4 36. Rd8+ Kc7 37. Rxa7+ Kxd8 38. Rxg7 gxf4 39. exf4 Ra6 40. a4 Bc2 41. Rb7 Kc8 42. Rb4 Kc7 43. Ke3 Ra8 44. Kd2 Be4 45. Kc3 Ra7 46. a5 Rxa5 47. Ra4 Rb5 48. b4 Rb7 49. Ra5 Rb5 50. Ra8 Rb7 51. Nf7 Bf5 52. Nd8 Rb6 53. Nf7 Rb8 54. Rxb8 Kxb8 55. b5 cxb5 56. Kb4 Kc7 57. Kxb5 Kd7 58. Kc5 Ke7 59. Ne5 Be4 60. Kc6 Kf6 61. Kd6 Kf5 62. Nd7 Kxf4 63. Nc5 Bf5 64. Nd7 Ke4 65. Kc5 Kd3 66. Ne5+ Ke4 67. Nf7 Kf4 68. Ne5 Ke4 69. Nc6 Kf4 70. Ne5 Ke4 1/2-1/2

[Event "Titled Tuesday intern op 13th Aug Early"]
[Site "Chess.com INT"]
[Date "2024.08.13"]
[Round "9"]
[White "Kucuksari, Kaan"]
[Black "Aarav, Dengla"]
[Result "1-0"]
[WhiteElo "2455"]
[BlackElo "2390"]
[PlyCount "83"]
[EventDate "2024.08.13"]
[EventType "swiss (blitz)"]
[EventRounds "11"]
[EventCountry "USA"]
[SourceTitle "EXT 2025"]
[Source "ChessBase"]
[SourceDate "2024.10.14"]
[SourceVersion "1"]
[SourceVersionDate "2024.10.14"]
[SourceQuality "1"]

1. d4 d5 2. c4 e6 3. Nf3 a6 4. Bg5 Be7 5. Bxe7 Qxe7 6. Nbd2 Nf6 7. g3 b6 8. Bg2 Bb7 9. 0-0 0-0 10. Rc1 c5 11. cxd5 exd5 12. Ne5 Re8 13. e3 Nbd7 14. f4 Rac8 15. Nb1 b5 16. Nc3 c4 17. a3 Nb6 18. g4 Nfd7 19. g5 Rcd8 20. Qh5 Nf8 21. f5 f6 22. gxf6 Qxf6 23. Ng4 Qf7 24. Qg5 Kh8 25. f6 Ne6 26. Qh4 g5 27. Qh6 Qg6 28. Qxg6 hxg6 29. Ne5 Kh7 30. Rf3 g4 31. Nxg4 Ng5 32. Rf4 Nf7 33. Rcf1 Bc8 34. R1f3 g5 35. Rf5 Bxf5 36. Rxf5 Kg6 37. Rf1 Rd6 38. h3 Kh5 39. Ne2 Kh4 40. Kh2 Na4 41. Ng3 Nh6 42. Nxh6 1-0